000 02014cam a22002651i 4500
003 SA-RiAUC
005 20241006061337.0
008 241002s1989 ua g 00010 ara c
040 _aSA-MdTU
_bara
_cSA-RiAUC
_erda
082 0 4 _a214
_qSA-RiAUC
090 _a214
_bا ب و ز
100 1 _aأبو زيد، بكر بن عبد الله،
_d1365-1429 هجري
_eمؤلف.
245 1 0 _aحلية طالب العلم /
_cبقلم بكر بن عبد الله أبو زيد.
250 _aالطبعة الثالثة.
264 1 _aالقاهرة :
_bمؤسسة قرطبة،
_c1989
300 _a69 صفحة ؛
_c24 سم
336 _aنص
_btxt
_2rdacontent
_3كتاب
337 _aبدون وسيط
_bn
_2rdamedia
338 _aمجلد
_bnc
_2rdacarrier
650 7 _aآداب طالب العلم
_2aucsh
856 _uhttp://saaid.net/book/open.php?cat=82&book=352
_yExternal Link
_2 نرجو الانتباه لإمكانية وجود اختلاف في الطبعة أو الناشر بين البيانات على البوابة وما ستجده على الكتاب نظرا لمحدودية المعلومات المتاحة على الموقع الناشر للمادة.
_3Please note that there may be a difference in the edition or publisher between the data on the portal and the book due to the limited information available on the publisher website for the material.
856 _uhttp://www.saaid.net/Warathah/bkar/b8.zip
_yDigital Copy
_2 نرجو الانتباه لإمكانية وجود اختلاف في الطبعة أو الناشر بين البيانات على البوابة وما ستجده على الكتاب نظرا لمحدودية المعلومات المتاحة على الموقع الناشر للمادة.
_3Please note that there may be a difference in the edition or publisher between the data on the portal and the book due to the limited information available on the publisher website for the material.
942 _2ddc
_cBOOK
_n0
949 _aSA-JeALM
_d241002
_umohamedma123
_n1
999 _c895
_d895